| 000 | 00375nam a2200157Ia 4500 | ||
|---|---|---|---|
| 003 | GCL | ||
| 008 | 140319s9999 xx 000 0 eng d | ||
| 040 |
_aGCL / _cGCL |
||
| 082 | 0 | 4 |
_aVIDEO _b183 |
| 100 | 1 | _aSTEVEN SEAGAL | |
| 245 | 1 | 0 |
_aON DEADLY GROUND / _cSTEVEN SEAGAL |
| 260 |
_a[S.N] : _bNONE |
||
| 650 | 0 | 4 | _aMOTION PICTURES |
| 650 | 0 | 4 | _aVIDEO TAPES |
| 942 |
_2ddc _cBK |
||
| 999 |
_c20230 _d20230 |
||